01778nam a2200361 a 4500008004100000020001500041041000800056092002200064100002600086245010600112250021700218260003100435300001100466500015200477590003100629653003000660653007000690653005100760653004500811653005300856653004700909653003100956653002500987653005401012653005301066653002701119653003501146653004201181700002301223942001201246999001301258952014501271110916s2001 sp ||||f |||| 00| 0 spa d a844581026X aspa c616.8918l95sWHE1 aWheatley, David91607 aPsicofarmacología de los trastornos cognoscitivos y psiquiátricos en el anciano /cDavid Wheatley a1a ed. en español de la obra original en lengua inglesabTraducción Astrid Morer Liñan ; Antonio Benabarre Hernández ; José Manuel Goikolea Alberdi ; Maria Luisa Imaz Gurruchaga y Gemma Perramón Puig aBarcelona:bMasson;c2001. a228 p. aWheatley, D. y Smith, D. (2001). Psicofarmacología de los trastornos cognoscitivos y psiquiátricos en el anciano. (1a ed.). Barcelona : Masson. aDonación Septiembre 2011 aCausas del envejecimiento aFarmacocinética de los fármacos psicotropicos en los ancianos aEfectos adversos de los fármacos psicotropos aSustratos neuroquímicos de la demencia aImplicaciones neuropatológicas para la terapia aFármacos para al enfermedad de Alzheimer aEvaluación de la memoria aAnsiedad en ancianos aTratamiento de la depresión en edades avanzadas aTrastornos físicos y enfermedad psiquiátrica aTrastornos del sueño aPsicosis paranoide en la vejez aConductas perturbadoras en el anciano1 aSmith, David91608 2ddccBK c999d999 00102ddc40708REFaBFMbBFMcREFd2011-09-16l1o616.8918 95 WHEp2462r2014-11-06s2012-05-04tEj. 1w2011-09-16yREFzLIBRO DE CONSULTA